000 00770nam a2200253Ka 4500
001 50349
005 20230411090002.0
008 071023s2007 ck 000 0 spa d
035 _a(OCoLC)ocn176333815
040 _aCUY
_cCUY
020 _a9789588252421
020 _a9588252423
035 _a(OCoLC)176333815
090 _aF2291.S2
_bD4 2007
049 _aGRAL
245 0 0 _aDe las Indias remotas :
_bcartas del cabildo de Santa Marta, 1529-1640 /
_cAntonino Vidal Ortega, Alvaro Baquero Montoya, compiladores.
260 _aBarranquilla :
_bEdiciones Uninorte,
_c2007.
300 _a181 p. ;
_c22 cm.
490 0 _aHistoria & region
700 1 _aVidal Ortega, Antonino.
700 1 _aBaquero Montoya, Alvaro.
942 _2lcc
_cbk
994 _aC0
_bDRFGD
999 _c110426
_d110426